000 00507pab a2200181 454500
008 180718b2014 xxu||||| |||| 00| 0 eng d
100 _aRao, Palla Trinadha
245 _aPolitics of tribal land rights: Notes from Andhra Pradesh (Notes)
260 _c2014
300 _ap.67-70.
362 _a19 Apr
650 _aLand tenure - India - Andhra Pradesh
650 _aTribes - India - Andhra Pradesh
650 _aTribes
773 _aEconomic and Political Weekly
908 _aN
909 _a103622
999 _c103618
_d103618